| 000 | 01833nam a2200349 a 4500 | ||
|---|---|---|---|
| 001 | 000000623 | ||
| 003 | DO-SdBNP | ||
| 005 | 20221114114049.0 | ||
| 008 | 090331s2006 dr 000 0 spa d | ||
| 020 | _a9993442534 | ||
| 040 |
_aDO-SdBNP _bspa _cBPMSU |
||
| 082 | 4 |
_a305.42 _bR696m 2006 _222 |
|
| 100 | 1 |
_aRodríguez, Marcia, _d1949- |
|
| 245 | 1 | 0 |
_aMujer, discurso e ideología : _bhacia la construcción de un nuevo sujeto femenino / _cMarcia Rodríguez ; cuidado de edición José Fernández Pequeño ; corrección Ángela Rodríguez Carpio. |
| 260 |
_aSanto Domingo : _bDirección General de la Feria del Libro, _c2006. |
||
| 300 |
_a177 p. ; _c23 cm. |
||
| 490 | 0 |
_aEdiciones Ferilibro _v92 |
|
| 500 | _aIncluye datos biográficos del autor en la solapa de la cubierta | ||
| 500 | _aIncluye referencias bibliográficas y notas al pie de las páginas | ||
| 504 | _aBibliografía : p. 161-177. | ||
| 505 | 0 |
_tPresentación / _rAlejandro Arvelo -- _tPalabras -- _tPrefacio -- _tIntroducción -- _tConstitución del sujeto femenino -- _tElementos que intervienen en la conformación del sujeto -- _tEl psicoanálisis: un modelo posible para la construcción del sujeto mujer -- _tMujer sujeto Vs. mujer objeto: el elemento subordinación -- _tLa feminidad y "lo reprimido femenino" -- _tLa mujer en el matrimonio -- _tLa mujer, el trabajo y el movimiento femenino -- _tAnálisis de la revista Cosmopolitan -- _tUn modelo para construir un nuevo sujeto femenino -- _tBibliografía. |
|
| 526 | _b | ||
| 590 | _aInventariado, 2022/VM | ||
| 650 | 4 |
_aMujeres _xCondiciones sociales |
|
| 650 | 4 | _aFeminismo | |
| 650 | 4 | _aDesarrollo social | |
| 700 | 1 |
_aFernández Pequeño, José, _eed. |
|
| 700 | 1 |
_aRodríguez Carpio, Ángela, _ecorr. |
|
| 830 | 0 |
_aEdiciones Ferilibro _nno. 92 |
|
| 910 | _aVMateo V./Validado | ||
| 942 |
_2ddc _cBK |
||
| 999 |
_c14323 _d14323 |
||